Immigration Slowenien - Statistiken

Allgemein
  • Dieses Quiz wurde 48 mal gespielt
  • Das Durchschnittsergebnis liegt bei 17 aus 20
Antwortstatistiken
Platz Land Anzahl % Korrekt
5. Kroatien 10.111
98%
1. Bosnien und Herzegowina 73.179
95%
17. Österreich 442
95%
11. Deutschland 923
93%
2. Kosovo 19.577
93%
12. Montenegro 861
93%
4. Nordmazedonien 13.324
93%
8. Italien 2.509
91%
3. Serbien 16.243
91%
15. Slowakei 469
91%
13. Ungarn 688
91%
9. Ukraine 2.284
89%
6. Bulgarien 3.597
86%
7. Russland 3.261
86%
16. Vereinigte Staaten 454
84%
18. Rumänien 441
80%
20. Frankreich 302
73%
14. Vereinigtes Königreich 564
73%
10. China 1.322
70%
19. Thailand 311
32%
Keine übereinstimmenden Quizze gefunden
Verteilung der Resultate
Anzahl Personen mit jedem Resultat
Perzentil nach korrekt beantworteten Fragen
Ihre Resultats-Entwicklung
Sie haben dieses Quiz noch nicht gespielt